| 000 | 00375cam a22001337a 4500 | ||
|---|---|---|---|
| 008 | 180718b1961 xxu||||| |||| 00| 0 eng d | ||
| 082 | _aT19x6 H457 | ||
| 100 | _aHeseltine, Nigel | ||
| 245 |
_aRemaking Africa _cby Nigel Heseltine |
||
| 260 |
_aLondon _bMuseum Press _c1961 |
||
| 300 | _a160p. | ||
| 650 | _aEconomic Geography - Africa | ||
| 650 | _aAfrica - Economic Conditions | ||
| 999 |
_c368299 _d368299 |
||